Flying high

Bibliographic Details
Main Author: Rowe, Julian
Other Authors: Perham, Molly
Format: Book
Published: London : Watts Books , 1994
Series:First Science

MARC

LEADER 00000cam a2200000 7i4500
001 0000008862
002 000009661
005 20000330.0
020 |a 0749614846 
090 0 0 |a J 500   |b ROW 
100 1 |a Rowe, Julian 
245 1 0 |a Flying high   |c Julian Rowe and Molly Perham 
260 |a London :   |b Watts Books ,   |c 1994 
300 |a 32 p. ;   |c 23 cm. 
490 0 |a First Science 
700 1 |a Perham, Molly 
999 |a 052518   |b BUKU   |c PINJAMAN   |e PERPUSTAKAAN KOMUNITI PETALING JAYA